Poesía y literatura
Wedi'i Gadw mewn:
| Prif Awdur: | |
|---|---|
| Fformat: | Llyfr |
| Iaith: | Sbaeneg |
| Cyhoeddwyd: |
Barcelona
Seix Barral
1965
|
| Cyfres: | Biblioteca Breve Seix Barral
|
| Pynciau: | |
| Tagiau: |
Ychwanegu Tag
Dim Tagiau, Byddwch y cyntaf i dagio'r cofnod hwn!
|
MARC
| LEADER | 00000nam a2200000 a 4500 | ||
|---|---|---|---|
| 001 | UCX5304 | ||
| 003 | CL-VaPUC | ||
| 008 | 921021e19650000SP |||||||||||||||||spa|d | ||
| 082 | 0 | 4 | |a 864 |b CER |2 21 |
| 100 | 0 | |a Cernuda, Luis |e author |9 321578 | |
| 245 | 1 | 0 | |a Poesía y literatura |
| 300 | |a 2 v | ||
| 942 | |c BK | ||
| 945 | |d 19921021 00:00:00 | ||
| 260 | |a Barcelona |b Seix Barral |c 1965 | ||
| 600 | 0 | 7 | |a CERNUDA, LUIS |2 CL-VaPUC |9 321579 |
| 650 | 0 | |a Ensayos españoles |9 313128 | |
| 583 | |a last modification |c 19921021 00:00:00 |k Rodrigo Vera | ||
| 490 | 0 | |a Biblioteca Breve Seix Barral | |
| 999 | |c 225593 |d 225591 | ||
| 952 | |0 0 |1 0 |4 0 |6 864_000000000000000_CER_1965 |7 0 |8 A |9 223232 |a BIBEDU |b BIBEDU |d 2019-11-15 |h v.1 |i 2920700 |o 864 CER 1965 |p 2920700 |r 2019-11-15 |w 2019-11-15 |y BK |k LIT | ||
| 952 | |0 0 |1 0 |4 0 |6 864_000000000000000_CER_1965 |7 0 |8 A |9 223233 |a BIBEDU |b BIBEDU |d 2019-11-15 |h v.2 |i 2920719 |o 864 CER 1965 |p 2920719 |r 2019-11-15 |w 2019-11-15 |y BK |k LIT | ||